La Guerra civil vista per Lola Anglada : 8 al 29 setembre 86. Sala d'Exposicions de l'Ateneu Barcelonès 8 al 29 setembre 86. Sala d'Exposicions de l'Ateneu Barcelonès
Descripción Física:
16 p. : il. ; 25 cm
MARC
| LEADER | 00000nam a2200000Ia 4500 | ||
|---|---|---|---|
| 001 | 7613 | ||
| 003 | BGR | ||
| 005 | 20260324175302.0 | ||
| 008 | 160829s1986 xx 000 0 cat d | ||
| 080 | |a FU-6-12 | ||
| 111 | |a La Guerra Civil vista per Lola Anglada |9 71349 |c (Barcelona : |d 1986) | ||
| 245 | |a La Guerra civil vista per Lola Anglada : |b 8 al 29 setembre 86. Sala d'Exposicions de l'Ateneu Barcelonès | ||
| 260 | |a Barcelona : |b Diputació de Barcelona, |c 1986 | ||
| 300 | |a 16 p. : |b il. ; |c 25 cm | ||
| 590 | |a Catàleg de l'exposició | ||
| 600 | 1 | 0 | |a Anglada, Lola, |d 1892-1984 |v Exposicions |9 53172 |
| 710 | 1 | |a Barcelona (Catalunya : Província). |b Diputació |9 52408 | |
| 901 | |a Arxiu | ||
| 942 | |n 1 |2 udc |c JC | ||
| 952 | |0 0 |1 0 |4 0 |6 FU612 |7 1 |9 43382 |a Arxiu |b Arxiu |d 2016-12-01 |l 0 |o FU-6-12 |p 7613 |r 2016-12-01 00:00:00 |w 2016-12-01 |y ARXIU | ||
| 999 | |c 45927 |d 45927 | ||